Fertilizer industry: Processes, pollution control and energy conservation (Record no. 32072)

MARC details
000 -LEADER
fixed length control field 00322nam a2200109Ia 4500
082 ## - DEWEY DECIMAL CLASSIFICATION NUMBER
Classification number 631.8
Item number SIT
100 ## - MAIN ENTRY--AUTHOR NAME
Personal name Sittig, Marshall
245 #0 - TITLE STATEMENT
Title Fertilizer industry: Processes, pollution control and energy conservation
260 ## - PUBLICATION, DISTRIBUTION, ETC. (IMPRINT)
Place of publication New Jersey
Name of publisher Noyes Data
Year of publication 1979
942 ## - ADDED ENTRY ELEMENTS (KOHA)
Koha item type Books
Holdings
Withdrawn status Lost status Damaged status Not for loan Home library Current library Date acquired Full call number Accession Number Koha item type
        RRII Library RRII Library 16/12/2021 631.8 SIT 12598 Books